<?xml version="1.0" encoding="UTF-8"?>
<record
    xmlns:xsi="http://www.w3.org/2001/XMLSchema-instance"
    xsi:schemaLocation="http://www.loc.gov/MARC21/slim http://www.loc.gov/standards/marcxml/schema/MARC21slim.xsd"
    xmlns="http://www.loc.gov/MARC21/slim">

  <leader>00637cam3a220020500 4500</leader>
  <controlfield tag="001">tmp15936468</controlfield>
  <controlfield tag="003">UPRA</controlfield>
  <controlfield tag="005">20190819121833.0</controlfield>
  <controlfield tag="008">951114s1993    sw                  eng u</controlfield>
  <datafield tag="035" ind1=" " ind2=" ">
    <subfield code="a">(Sirsi) r48806</subfield>
  </datafield>
  <datafield tag="035" ind1=" " ind2=" ">
    <subfield code="a">(UPRA)tmp15936468</subfield>
  </datafield>
  <datafield tag="040" ind1=" " ind2=" ">
    <subfield code="c">UPRA</subfield>
  </datafield>
  <datafield tag="050" ind1=" " ind2=" ">
    <subfield code="a">QH 541.5F6 CHI 1993</subfield>
  </datafield>
  <datafield tag="100" ind1="1" ind2=" ">
    <subfield code="a">Chiduymays, Emmanuel N.</subfield>
    <subfield code="6">A6849.1</subfield>
  </datafield>
  <datafield tag="245" ind1="1" ind2="0">
    <subfield code="a">Responses of Miombo to harvesting :</subfield>
    <subfield code="b">ecology and management /</subfield>
    <subfield code="c">Emmanuel N. Chidumays.</subfield>
  </datafield>
  <datafield tag="260" ind1=" " ind2=" ">
    <subfield code="a">Stockholm :</subfield>
    <subfield code="b">Environment Institute,</subfield>
    <subfield code="c">1993.</subfield>
  </datafield>
  <datafield tag="949" ind1=" " ind2=" ">
    <subfield code="m">MAIN</subfield>
    <subfield code="t">BOOK</subfield>
    <subfield code="l">ON-SHELF</subfield>
  </datafield>
  <controlfield tag="004">48806</controlfield>
  <datafield tag="987" ind1=" " ind2=" ">
    <subfield code="a">Image : unreadable? </subfield>
    <subfield code="b">bottom half of card unreadable.</subfield>
  </datafield>
  <datafield tag="999" ind1=" " ind2=" ">
    <subfield code="c">111460</subfield>
    <subfield code="d">111460</subfield>
  </datafield>
</record>
